000 00444nmm a2200157Ia 4500
008 251105s9999||||xx |||||||||||||||||und||
020 _a9789580611004
041 _aspa
100 _aGarcía Francés, Alfredo
245 0 _aBalas de carmín
264 _a[Bogotá, Colombia] :
_bOveja Negra,
_c2007
300 _a485 páginas
650 _aLatin American narrative
856 _uhttps://public.digitaliapublishing.com/a/29534
942 _cCF
999 _c94802
_d94802